मीडीया और मानवाधिकार/ (Record no. 82962)

MARC details
000 -LEADER
fixed length control field 01517nam a22002417a 4500
005 - DATE AND TIME OF LATEST TRANSACTION
control field 20180219153120.0
010 ## - LCCN (DPL NO)
LC control number B-525435-438 B-666479
020 ## - INTERNATIONAL STANDARD BOOK NUMBER
International Standard Book Number 9788183303538
Terms of availability 795.00
035 ## - SYSTEM CONTROL NUMBER
System control number B-525435-438
035 ## - SYSTEM CONTROL NUMBER
System control number B-666479
037 ## - SOURCE OF ACQUISITION
Stock number DPL/STAR
082 ## - DEWEY DECIMAL CLASSIFICATION NUMBER
Classification number 302.230954
100 ## - MAIN ENTRY--PERSONAL NAME
Personal name शर्मा, कृष्ण कुमार
245 ## - TITLE STATEMENT
Title मीडीया और मानवाधिकार/
Statement of responsibility, etc कृष्ण कुमार शर्मा
260 ## - PUBLICATION, DISTRIBUTION, ETC. (IMPRINT)
Place of publication, distribution, etc नई दिल्ली
Name of publisher, distributor, etc अर्जुन पब्लिशिंग हाउस
Date of publication, distribution, etc 2012
260 ## - PUBLICATION, DISTRIBUTION, ETC. (IMPRINT)
Date of publication, distribution, etc 2017
270 ## - ADDRESS
Address 4831/24, प्रहलाद गली,अंसारी रोड दरिया गंज
City नई दिल्ली
Postal code 110002
Telephone number 23272541, 23257835
Fax number 91-011-23257835
Electronic mail address arjunbooks2001@gmail.com
300 ## - PHYSICAL DESCRIPTION
Extent 261 पृ.
Dimensions 21 से.मी. (सजिल्द)
520 ## - SUMMARY, ETC.
Summary, etc HN2013-14
942 ## - ADDED ENTRY ELEMENTS (KOHA)
Source of classification or shelving scheme Dewey Decimal Classification
Item type Hindi Books
Call number suffix शर्माकृ
Classification part 302.230954
Holdings
Withdrawn status Lost status Not for loan Collection code Home library Current library Date acquired Source of acquisition Cost, normal purchase price Full call number Barcode Copy number Cost, replacement price Koha item type Public note
      Non-fiction Ashok Vihar Ashok Vihar 19/02/2018 स्टार पब्लिकेशन्स/SP/2281/06.03.17/488/16.02.17/10.03.17 795.00 302.230954 शर्माकृ B-666479 1 795.00 Hindi Books  
      Non-fiction Central Library Central Library 01/04/2014 स्टार पब्लिकेशन्स/SP/3119/22.12.13/15/17.12.13/30.7.13 795.00 302.230954 शर्माकृ B-525435 1 795.00 Hindi Books Legal Case (Register 2018)
      Non-fiction Janak Puri Janak Puri 01/04/2014 स्टार पब्लिकेशन्स/SP/3119/22.12.13/15/17.12.13/30.7.13 795.00 302.230954 शर्माकृ B-525437 1 795.00 Hindi Books  
      Non-fiction Karol Bagh Karol Bagh 01/04/2014 स्टार पब्लिकेशन्स/SP/3119/22.12.13/15/17.12.13/30.7.13 795.00 302.230954 शर्माकृ B-525436 1 795.00 Hindi Books  
      Non-fiction Sarojini Nagar Sarojini Nagar 01/04/2014 स्टार पब्लिकेशन्स/SP/3119/22.12.13/15/17.12.13/30.7.13 795.00 302.230954 शर्माकृ B-525438 1 795.00 Hindi Books  

© Delhi Public Library
Hit Counter
free hit counter